000 00525nam a2200145Ia 4500
008 100122s9999 xx 000 0 und d
082 _b61108
_a808.8
100 _aपुरंदरे माधुरी
245 _aवाचू आनंदे बाल गट : एक
260 _bज्योत्स्ना प्रकाशन
_c2001
300 _a159
630 _aवाचू आनंदे बाल गट : एक
730 _aवाचू आनंदे बाल गट : एक
942 _cBOOK
999 _c436009
_d436006